000
00318nam a22001457a 4500
008
230508b ||||| |||| 00| 0 eng d
020
_a
9780073379258
041
_a
eng
080
_2
TENTH EDITION
_a
7
082
_a
7GET
100
_a
19
101
_a
ART
245
_a
LIVING WITH ART
_c
GETLEIN.M
942
_2
udc
_c
BK
999
_c
59665
_d
59665